Management Information System for Barangay Palangoy Health Center (MISBPHC) (Record no. 100276)

MARC details
000 -LEADER
fixed length control field 01017nam a22002777a 4500
003 - CONTROL NUMBER IDENTIFIER
control field URS
005 - DATE AND TIME OF LATEST TRANSACTION
control field 20260415165607.0
008 - FIXED-LENGTH DATA ELEMENTS--GENERAL INFORMATION
fixed length control field 240202b |||||||| |||| 00| 0 eng d
100 ## - MAIN ENTRY--PERSONAL NAME
Personal name Aragones, Sigred D.
Relator term author
245 ## - TITLE STATEMENT
Title Management Information System for Barangay Palangoy Health Center (MISBPHC)
Statement of responsibility, etc. Sigred D. Aragones
260 ## - PUBLICATION, DISTRIBUTION, ETC.
Date of publication, distribution, etc. 2023
300 ## - PHYSICAL DESCRIPTION
Extent xiii, 105 leaves
Dimensions 28 cm.
336 ## - CONTENT TYPE
Source rdacontent
Content type term text
337 ## - MEDIA TYPE
Source rdamedia
Media type term unmediated
338 ## - CARRIER TYPE
Source rdacarrier
Carrier type term volumed
500 ## - GENERAL NOTE
General note Undergraduate Thesis
502 ## - DISSERTATION NOTE
Degree type Bachelor of Science in Information Technology
Name of granting institution University of Rizal System, Binangonan
504 ## - BIBLIOGRAPHY, ETC. NOTE
Bibliography, etc. note Includes biographical references
700 ## - ADDED ENTRY--PERSONAL NAME
Personal name Callope, Roger O.
Relator term author
700 ## - ADDED ENTRY--PERSONAL NAME
Personal name Cruz, Renalyn H.
Relator term author
700 ## - ADDED ENTRY--PERSONAL NAME
Personal name Espanola, Rhodalyn P.
Relator term author
700 ## - ADDED ENTRY--PERSONAL NAME
Personal name Cervantes, King Philip A.
Relator term author
700 ## - ADDED ENTRY--PERSONAL NAME
Personal name Angeluzet T. Reyes, MIST
Relator term adviser
856 ## - ELECTRONIC LOCATION AND ACCESS
Materials specified Online Request for Student Unpublished Works
Uniform Resource Identifier <a href="https://forms.gle/7LqvGGkaDrUQqz429">https://forms.gle/7LqvGGkaDrUQqz429</a>
942 ## - ADDED ENTRY ELEMENTS (KOHA)
Source of classification or shelving scheme Library of Congress Classification
Koha item type Theses and dissertations

No items available.

University of Rizal System
Email us at univlibservices@urs.edu.ph

Visit our Website www.urs.edu.ph/library